000 01170cam a2200313 a 4500
999 _c478648
_d478648
001 13704945
003 NUST
005 20180625065437.0
008 040830s2006 njua b 001 0 eng
010 _a 2004058675
020 _a0131196642 (paperback)
038 _aArshad
040 _aDLC
_cDLC
_dDLC
050 0 0 _aPE1475
_b.G47 2006
082 0 0 _a808.0666
_bGER
100 1 _aGerson, Sharon J.,
_d1948-
_911217
245 1 0 _aTechnical writing :
_bprocess and product /
_cSharon J. Gerson, Steven M. Gerson.
250 _a5th ed.
260 _aUpper Saddle River, NJ :
_bPearson Prentice Hall,
_c2006.
300 _axxiv, 680 p. :
_bcol. ill. ;
_c28 cm.
504 _aIncludes bibliographical references (p. 668-675) and index.
650 0 _aEnglish language
_xTechnical English.
_911218
650 0 _aEnglish language
_xRhetoric.
_93245
650 0 _aTechnical writing.
_97391
700 1 _aGerson, Steven M.,
_d1948-
_911219
906 _a7
_bcbc
_corignew
_d1
_eocip
_f20
_gy-gencatlg
942 _2ddc
_cBK